Archive Science / (Record no. 8260)

000 -LEADER
fixed length control field 00629nam a22002177a 4500
003 - CONTROL NUMBER IDENTIFIER
control field OSt
005 - DATE AND TIME OF LATEST TRANSACTION
control field 20220917044024.0
008 - FIXED-LENGTH DATA ELEMENTS--GENERAL INFORMATION
fixed length control field 220917b ||||| |||| 00| 0 eng d
020 ## - INTERNATIONAL STANDARD BOOK NUMBER
International Standard Book Number 9789997189349
040 ## - CATALOGING SOURCE
Original cataloging agency SSBUL
Transcribing agency SSBUL
082 ## - DEWEY DECIMAL CLASSIFICATION NUMBER
Edition number 23
Classification number 026
100 0# - MAIN ENTRY--PERSONAL NAME
Personal name Maung Maung Thaike Kyaw.
245 10 - TITLE STATEMENT
Title Archive Science /
Statement of responsibility, etc. Maung Maung Thaike Kyaw.
260 ## - PUBLICATION, DISTRIBUTION, ETC.
Place of publication, distribution, etc. Yangon :
Name of publisher, distributor, etc. SMART Publication,
Date of publication, distribution, etc. 2017.
300 ## - PHYSICAL DESCRIPTION
Extent 169 pages ;
Dimensions 19 cm.
650 ## - SUBJECT ADDED ENTRY--TOPICAL TERM
Topical term or geographic name entry element Archives
Topical term or geographic name entry element Archives
Topical term or geographic name entry element History
General subdivision Sources
910 ## - USER-OPTION DATA (OCLC)
User-option data Record management, PAC, paper, inks, writing materials
942 ## - ADDED ENTRY ELEMENTS (KOHA)
Koha item type Book (Short term)
100 0# - MAIN ENTRY--PERSONAL NAME
9 (RLIN) 10939
650 ## - SUBJECT ADDED ENTRY--TOPICAL TERM
9 (RLIN) 10940
9 (RLIN) 10940
9 (RLIN) 7403
942 ## - ADDED ENTRY ELEMENTS (KOHA)
Source of classification or shelving scheme
Holdings
Withdrawn status Lost status Source of classification or shelving scheme Damaged status Not for loan Collection Code Permanent Location Current Location Shelving location Date acquired Total Checkouts Total Renewals Full call number Barcode Date last seen Date last checked out Price effective from Koha item type Accession
          English Collection Shan State Buddhist University Library Shan State Buddhist University Library English Shelves 17/09/2022 1 1 026 Ma 18754 EB00018754 01/05/2026 27/05/2024 17/09/2022 Book (Short term) 18754

Library - 09407999929
Admin Office - 09407999979
Dean Office - 09250910768
Registrar Office - 09892297154
Email - [email protected]
Shan State Buddhist University, Phaya Phyu Taunggyi, Shan State, Myanmar.